00395 a2200109 4500001000900000005001700009008004100026245010000067100002500167773007600192999001700268ART_925120260410161835.0260409a 10aPosibilidad de introducir el costo de oportunidad en la determinación de resultados contables1 aMatheu, Luis María0 tContabilidad y administracióng- Año 4, Nº 41 (nov. 1980)wREV5485 c23590d23590